[Event "SVK-chT 1718"]
[Site "Slovakia"]
[Date "2018.01.06"]
[Round "7.1"]
[White "Kamody, Mario"]
[Black "Federic, Jozef"]
[Result "0-1"]
[WhiteElo "2254"]
[BlackElo "2271"]
[PlyCount "108"]
[EventDate "2017.09.30"]
[EventType "team-tourn"]
[EventRounds "11"]
[EventCountry "SVK"]
[SourceTitle "EXT 2019"]
[Source "ChessBase"]
[SourceDate "2018.10.10"]
[SourceVersion "1"]
[SourceVersionDate "2018.10.10"]
[SourceQuality "1"]
[WhiteTeam "Banska Bystrica Junior"]
[BlackTeam "Modra"]
[WhiteTeamCountry "SVK"]
[BlackTeamCountry "SVK"]

1. c4 e6 2. g3 Nf6 3. Bg2 d5 4. Nf3 Be7 5. 0-0 0-0 6. b3 c5 7. cxd5 Nxd5 8. Nc3 Bf6 9. Bb2 Nc6 10. Qb1 Nxc3 11. dxc3 Qc7 12. Qc2 Bd7 13. Rad1 Rfd8 14. Bc1 Be8 15. Ng5 Bxg5 16. Bxg5 f6 17. Be3 Bg6 18. Qc1 b6 19. Qa3 Rxd1 20. Rxd1 Rd8 21. Rxd8+ Nxd8 22. Qa4 Kf8 23. b4 Be8 24. Qd1 cxb4 25. cxb4 Nf7 26. Qd3 g6 27. h4 Nd6 28. h5 Bb5 29. Qd4 Ke7 30. hxg6 hxg6 31. Qh4 Nf7 32. Be4 g5 33. Qh7 Qd6 34. Bg6 Be8 35. f3 Qxg3+ 36. Kf1 g4 37. Bf2 Qf4 38. Qh4 Qc1+ 39. Kg2 gxf3+ 40. exf3 Qg5+ 41. Qxg5 Nxg5 42. Bxe8 Kxe8 43. a4 Kd7 44. Bh4 e5 45. Kf2 Ke6 46. Ke3 Nf7 47. Kd3 Nd6 48. Bf2 Kd5 49. Bg1 Nf5 50. Bf2 Nd4 51. Bh4 f5 52. f4 e4+ 53. Kd2 Kc4 54. Be7 Nc6 0-1

[Event "SVK-chT 1718"]
[Site "Slovakia"]
[Date "2017.12.10"]
[Round "6.3"]
[White "Kamody, Mario"]
[Black "Bagi, Mate"]
[Result "0-1"]
[WhiteElo "2254"]
[BlackElo "2456"]
[PlyCount "42"]
[EventDate "2017.09.30"]
[EventType "team-tourn"]
[EventRounds "11"]
[EventCountry "SVK"]
[SourceTitle "EXT 2019"]
[Source "ChessBase"]
[SourceDate "2018.10.10"]
[SourceVersion "1"]
[SourceVersionDate "2018.10.10"]
[SourceQuality "1"]
[WhiteTeam "Banska Bystrica Junior"]
[BlackTeam "Dunajska Streda"]
[WhiteTeamCountry "SVK"]
[BlackTeamCountry "SVK"]

1. c4 Nf6 2. g3 e5 3. Bg2 d5 4. cxd5 Nxd5 5. Nf3 Nc6 6. 0-0 Be7 7. d4 e4 8. Ne5 f5 9. Nxc6 bxc6 10. f3 exf3 11. Bxf3 0-0 12. Nc3 Be6 13. Na4 Rb8 14. a3 f4 15. gxf4 Nxf4 16. b4 Bh3 17. Qb3+ Kh8 18. Rd1 Bd6 19. Kh1 Qh4 20. Rg1 Bg2+ 21. Bxg2 Nd3 0-1

[Event "SVK-chT1E 1617"]
[Site "Slovakia"]
[Date "2017.02.25"]
[Round "8.6"]
[White "Kamody, Mario"]
[Black "Fiacan, Robert"]
[Result "1-0"]
[WhiteElo "2266"]
[BlackElo "2180"]
[PlyCount "97"]
[EventDate "2016.10.15"]
[EventType "team-tourn"]
[EventRounds "11"]
[EventCountry "SVK"]
[SourceTitle "EXT 2018"]
[Source "ChessBase"]
[SourceDate "2017.10.13"]
[SourceVersion "1"]
[SourceVersionDate "2017.10.13"]
[SourceQuality "1"]
[WhiteTeam "Banska Bystrica Junior"]
[BlackTeam "Kosice Slavia TU"]
[WhiteTeamCountry "SVK"]
[BlackTeamCountry "SVK"]

1. Nf3 g6 2. g3 Bg7 3. Bg2 e5 4. d3 Ne7 5. c4 0-0 6. Nc3 Nbc6 7. 0-0 h6 8. e4 d6 9. h3 f5 10. Nd5 Nxd5 11. cxd5 Ne7 12. Bd2 Kh7 13. Rc1 c6 14. dxc6 bxc6 15. Qa4 a5 16. Rfd1 Bd7 17. Qa3 Be6 18. Bc3 Qc7 19. Nd2 d5 20. Nb3 a4 21. Nc5 Bg8 22. Bb4 fxe4 23. dxe4 Qa7 24. Nd3 Rfe8 25. Bxe7 Rxe7 26. Rxc6 d4 27. Rdc1 Rb8 28. Qd6 Re6 29. Qc5 Qxc5 30. R6xc5 Re7 31. a3 Rb3 32. Bf1 Be6 33. Kg2 Bd7 34. Rc7 Rf7 35. R1c2 Kg8 36. Nc1 Rb6 37. Bc4 Be6 38. Bxe6 Rxe6 39. Rxf7 Kxf7 40. Nd3 Bf8 41. Rc4 Kf6 42. Rxa4 Rc6 43. Ra5 Bd6 44. f4 Rc2+ 45. Kf3 Rd2 46. fxe5+ Kf7 47. exd6 Rxd3+ 48. Kf4 Ke6 49. Rd5 1-0

[Event "SVK-chT1E 1617"]
[Site "Slovakia"]
[Date "2017.01.22"]
[Round "7.6"]
[White "Adamko, Peter"]
[Black "Kamody, Mario"]
[Result "1-0"]
[WhiteElo "2108"]
[BlackElo "2266"]
[PlyCount "120"]
[EventDate "2016.10.15"]
[EventType "team-tourn"]
[EventRounds "11"]
[EventCountry "SVK"]
[SourceTitle "EXT 2018"]
[Source "ChessBase"]
[SourceDate "2017.10.13"]
[SourceVersion "1"]
[SourceVersionDate "2017.10.13"]
[SourceQuality "1"]
[WhiteTeam "Kysucke Nove Mesto"]
[BlackTeam "Banska Bystrica Junior"]
[WhiteTeamCountry "SVK"]
[BlackTeamCountry "SVK"]

1. d4 Nf6 2. Nf3 b6 3. Bg5 Bb7 4. Nbd2 d5 5. e3 e6 6. Bb5+ c6 7. Bd3 Be7 8. c3 Nbd7 9. 0-0 h6 10. Bh4 c5 11. Ne5 Nxe5 12. dxe5 Nd7 13. Bxe7 Qxe7 14. f4 g5 15. Nf3 g4 16. Nd2 h5 17. Qa4 c4 18. Bc2 Qc5 19. Rfe1 Bc6 20. Qa3 Qxa3 21. bxa3 Nc5 22. e4 Ba4 23. Bxa4+ Nxa4 24. Re3 Rc8 25. exd5 exd5 26. Rf1 Rh6 27. f5 Rhc6 28. Rf4 b5 29. Rd4 Rd8 30. h3 Ke7 31. hxg4 hxg4 32. Rxg4 Nxc3 33. Rxc3 d4 34. Rc1 c3 35. Nb3 d3 36. Nd4 Rxd4 37. Rxd4 d2 38. Rc2 a5 39. Kf2 Rc4 40. Rd3 b4 41. axb4 axb4 42. Kf3 Rc5 43. Ke4 Rc4+ 44. Ke3 Rg4 45. Rdxd2 Rg3+ 46. Kf4 cxd2 47. Rxd2 Rc3 48. f6+ Ke8 49. g4 Rc1 50. Rb2 Rc4+ 51. Kf5 Rd4 52. Rh2 Rd1 53. e6 Rd5+ 54. Kf4 fxe6 55. g5 Kf7 56. Rh7+ Kf8 57. Ra7 Kg8 58. Kg4 e5 59. Kf5 e4+ 60. Kg6 Rd8 1-0

[Event "SVK-chT1E 1617"]
[Site "Slovakia"]
[Date "2016.10.16"]
[Round "2.6"]
[White "Kamody, Mario"]
[Black "Kerdik, Adam"]
[Result "1/2-1/2"]
[WhiteElo "2266"]
[BlackElo "2091"]
[PlyCount "110"]
[EventDate "2016.10.15"]
[EventType "team-tourn"]
[EventRounds "11"]
[EventCountry "SVK"]
[SourceTitle "CBM 175 Extra"]
[Source "ChessBase"]
[SourceDate "2016.12.12"]
[SourceVersion "1"]
[SourceVersionDate "2016.12.12"]
[SourceQuality "1"]
[WhiteTeam "Banska Bystrica Junior"]
[BlackTeam "Liptov Chess School II"]
[WhiteTeamCountry "SVK"]
[BlackTeamCountry "SVK"]

1. Nf3 Nf6 2. c4 e6 3. g3 b6 4. Bg2 Bb7 5. 0-0 c5 6. Nc3 Be7 7. b3 0-0 8. Bb2 d5 9. cxd5 Nxd5 10. Re1 Nxc3 11. Bxc3 Bf6 12. Qc2 Nc6 13. Rac1 Rc8 14. Qe4 Rc7 15. Qf4 Bxc3 16. dxc3 Rd7 17. h4 Qb8 18. Qxb8 Rxb8 19. Red1 Rbd8 20. Rxd7 Rxd7 21. Kf1 f6 22. Ke1 Kf7 23. Rd1 Ke7 24. Rd3 Ba6 25. Re3 Rd8 26. Bh3 Bc8 27. Nd2 e5 28. Bg2 Kd6 29. f4 exf4 30. gxf4 Bf5 31. Rg3 Rd7 32. e4 Be6 33. Rd3+ Kc7 34. Ke2 Rxd3 35. Kxd3 Kd6 36. Ke3 Ne7 37. Bf1 Nc6 38. Bb5 Na5 39. e5+ fxe5 40. Ne4+ Ke7 41. fxe5 Nb7 42. Ng5 Bf5 43. a3 Nd8 44. Kf4 Bc2 45. Bc4 h6 46. Ne4 Ne6+ 47. Ke3 Nf8 48. Nd6 Ng6 49. Nc8+ Kd7 50. Nxa7 Nxe5 51. Bg8 g5 52. hxg5 hxg5 53. b4 Bd3 54. bxc5 bxc5 55. Bb3 Kc7 1/2-1/2

[Event "SVK-chT1E 1516"]
[Site "Slovakia"]
[Date "2016.03.19"]
[Round "10.5"]
[White "Dzurenda, Stefan"]
[Black "Kamody, Mario"]
[Result "0-1"]
[WhiteElo "2130"]
[BlackElo "2232"]
[PlyCount "76"]
[EventDate "2015.10.24"]
[EventType "team-tourn"]
[EventRounds "11"]
[EventCountry "SVK"]
[SourceTitle "EXT 2017"]
[Source "ChessBase"]
[SourceDate "2016.10.25"]
[SourceVersion "1"]
[SourceVersionDate "2016.10.25"]
[SourceQuality "1"]
[WhiteTeam "Spisska Nova Ves"]
[BlackTeam "Banska Bystrica Junior"]
[WhiteTeamCountry "SVK"]
[BlackTeamCountry "SVK"]

1. d4 Nf6 2. c4 e6 3. Nc3 Bb4 4. e3 c5 5. Nf3 b6 6. Be2 Bxc3+ 7. bxc3 d6 8. 0-0 0-0 9. a4 Nc6 10. Qc2 e5 11. d5 Na5 12. e4 Ba6 13. Bg5 Bxc4 14. Bxc4 Nxc4 15. Qd3 Na5 16. c4 h6 17. Bh4 Kh7 18. h3 Rg8 19. g4 g5 20. Bg3 Qd7 21. Nh2 h5 22. Qf3 Kg7 23. h4 hxg4 24. Qe3 Kf8 25. hxg5 Nh7 26. f4 gxf3 27. Rxf3 Nxg5 28. Rf5 Nxc4 29. Qe2 Nxe4 30. Qxe4 Rxg3+ 31. Kh1 Nd2 32. Qc2 e4 33. Rh5 e3 34. Rh8+ Ke7 35. Rxa8 Qh3 36. Rg1 Rxg1+ 37. Kxg1 Qg3+ 38. Kh1 e2 0-1

[Event "SVK-chT1E 1516"]
[Site "Slovakia"]
[Date "2016.01.23"]
[Round "7.5"]
[White "Kamody, Mario"]
[Black "Staffen, Richard"]
[Result "1-0"]
[WhiteElo "2232"]
[BlackElo "2042"]
[PlyCount "69"]
[EventDate "2015.10.24"]
[EventType "team-tourn"]
[EventRounds "11"]
[EventCountry "SVK"]
[SourceTitle "CBM 170 Extra"]
[Source "ChessBase"]
[SourceDate "2016.02.25"]
[SourceVersion "1"]
[SourceVersionDate "2016.02.25"]
[SourceQuality "1"]
[WhiteTeam "Banska Bystrica Junior"]
[BlackTeam "Zilina Mladost II"]
[WhiteTeamCountry "SVK"]
[BlackTeamCountry "SVK"]

1. Nf3 Nf6 2. c4 g6 3. Nc3 Bg7 4. g3 0-0 5. Bg2 d6 6. d4 c6 7. 0-0 Nbd7 8. Qc2 e5 9. Rd1 Qc7 10. b4 Nh5 11. Rb1 f5 12. b5 f4 13. bxc6 bxc6 14. Ng5 Ndf6 15. dxe5 dxe5 16. Ba3 Bf5 17. Nce4 Rfd8 18. Qb3 h6 19. Bd6 Rxd6 20. c5+ Rd5 21. Nxf6+ Nxf6 22. Bxd5+ cxd5 23. Rxd5 Kh8 24. Nf7+ Kh7 25. Rdd1 Bxb1 26. Rxb1 Qxc5 27. g4 Qd5 28. g5 Qxb3 29. Rxb3 hxg5 30. Nxg5+ Kg8 31. Rb7 Ne8 32. Rd7 Bf6 33. Ne4 a5 34. a4 Rd8 35. Nxf6+ 1-0

[Event "SVK-chT1E 1516"]
[Site "Slovakia"]
[Date "2015.11.15"]
[Round "4.6"]
[White "Kamody, Mario"]
[Black "Kravec, Patrik"]
[Result "1-0"]
[WhiteElo "2232"]
[BlackElo "2034"]
[PlyCount "115"]
[EventDate "2015.10.24"]
[EventType "team-tourn"]
[EventRounds "11"]
[EventCountry "SVK"]
[SourceTitle "CBM 169 Extra"]
[Source "ChessBase"]
[SourceDate "2015.12.18"]
[SourceVersion "1"]
[SourceVersionDate "2015.12.18"]
[SourceQuality "1"]
[WhiteTeam "Banska Bystrica Junior"]
[BlackTeam "Sabinov"]
[WhiteTeamCountry "SVK"]
[BlackTeamCountry "SVK"]

1. e4 e6 2. d4 d5 3. Nc3 Bb4 4. e5 c5 5. a3 Bxc3+ 6. bxc3 Qa5 7. Bd2 Qa4 8. Qb1 c4 9. Ne2 Nc6 10. h4 Nge7 11. h5 h6 12. Nf4 Bd7 13. Ra2 0-0-0 14. Be2 Rdf8 15. Bg4 b6 16. Rh3 Rhg8 17. Kf1 Nd8 18. Qe1 Kb7 19. Bc1 a6 20. Rb2 Qa5 21. Bf3 Ba4 22. g4 b5 23. Ng2 Ndc6 24. Bf4 Rc8 25. Qd2 Rh8 26. Ne3 Rh7 27. Kg2 Ka7 28. Rb1 Qd8 29. Re1 Qd7 30. Nf1 Rch8 31. Bd1 Rb8 32. Be3 a5 33. f4 Rhh8 34. Rf3 Rb7 35. Ng3 b4 36. cxb4 axb4 37. axb4 Rxb4 38. f5 Rb2 39. f6 gxf6 40. Rxf6 Nb4 41. Kh3 Nec6 42. Ref1 Rh7 43. Bxh6 Bxc2 44. Bf8 Qb7 45. Bxc2 Nxc2 46. R1f2 Ra2 47. Qg5 Qb3 48. Qg8 Ne3 49. Qxh7 Nxd4 50. Bc5+ Ka6 51. Bxd4 Nxg4 52. Kxg4 Qd1+ 53. Kh3 Ra3 54. Rxe6+ fxe6 55. Qa7+ Kb5 56. Rb2+ Rb3 57. Qc5+ Ka4 58. Ra2+ 1-0